|
|
|
|
| LEADER |
00000nam0a2200000 4500 |
| 001 |
275885 |
| 005 |
20231101234853.0 |
| 035 |
|
|
|a (RuTPU)RU\TPU\book\299138
|
| 090 |
|
|
|a 275885
|
| 100 |
|
|
|a 20141117d1985 k y0rusy50 ca
|
| 101 |
0 |
|
|a rus
|
| 102 |
|
|
|a RU
|
| 105 |
|
|
|a a z 001zy
|
| 200 |
1 |
|
|a Конкреционный анализ углеродсодержащих формаций
|e сборник научных трудов
|f Западно-Сибирский научно-исследовательский геологоразведочный нефтяной институт (ЗапСибНИГНИ) ; под ред. А. И, Сидоренкова
|
| 210 |
|
|
|a Тюмень
|c Изд-во ЗапСибНИГНИ
|d 1985
|
| 215 |
|
|
|a 174 с.
|c ил.
|
| 225 |
1 |
|
|a Труды ЗАПСИБНИГНИ
|i Вып. 201
|
| 320 |
|
|
|a Библиография в конце статей
|
| 606 |
1 |
|
|a Угленосные отложения
|2 stltpush
|3 (RuTPU)RU\TPU\subj\62364
|9 79444
|
| 610 |
1 |
|
|a органическое вещество
|
| 610 |
1 |
|
|a залегание
|
| 610 |
1 |
|
|a концентрация
|
| 610 |
1 |
|
|a конкреционный анализ
|
| 610 |
1 |
|
|a нефтегазоносные формации
|
| 610 |
1 |
|
|a карбонатные толщи
|
| 610 |
1 |
|
|a Западная Сибирь
|
| 610 |
1 |
|
|a конкреции
|
| 610 |
1 |
|
|a образование
|
| 610 |
1 |
|
|a углеводородные залежи
|
| 610 |
1 |
|
|a прогнозирование
|
| 610 |
1 |
|
|a регионы
|
| 610 |
1 |
|
|a терригенные толщи
|
| 610 |
1 |
|
|a корреляция
|
| 675 |
|
|
|a 552.57
|v 4
|
| 702 |
|
1 |
|a Сидоренков
|b А. И,
|4 340
|
| 712 |
0 |
2 |
|a Западно-Сибирский научно-исследовательский геологоразведочный нефтяной институт (ЗапСибНИГНИ)
|c (Тюмень)
|2 stltpush
|3 (RuTPU)RU\TPU\col\2064
|
| 801 |
|
1 |
|a RU
|b 63413507
|c 20141117
|
| 801 |
|
2 |
|a RU
|b 63413507
|c 20170130
|g RCR
|
| 942 |
|
|
|c BK
|